000
00328nam a22001457a 4500
020
_a
81-7130-077-4
082
_a
894.812.3
_b
MAR/E
100
_a
MARQUEZ, GABRIEL GARCIA
245
_a
EKANTHATHAYUDE NOORUVARSHANGAL
260
_a
KOTTAYAM
_b
DC BOOKS
_c
2014
300
_a
312
520
_a
NOVEL
650
_a
NOVEL
942
_c
BK
999
_c
5081
_d
5081